Rimavská Sobota - západný rozvoj mesta

Saved in:
Bibliographic Details
Main Author: Tajtiová, Karin (Author)
Other Authors: Sopirová, Alžbeta (Thesis advisor)
Format: Manuscript Book
Language:Slovak
Published: Bratislava 2017
Subjects:
Online Access:http://is.stuba.sk/zp/portal_zp.pl?podrobnosti=117811
Tags: Add Tag
No Tags, Be the first to tag this record!

MARC

LEADER 00000ntm a22000003a 4500
001 stuzp63415
003 SK-STU
005 20210215132947.9
007 ta
008 150427s2015----xo-----f-mn---000-0-slo-d
040 |a STU  |b slo 
041 0 |a slo 
100 1 |a Tajtiová, Karin  |u 056160  |4 aut  |U FAD Fakulta architektúry  |T FA Ústav urbanizmu a územného plánovania  |X 43811  |U A6160  |Y 397  |7 A000043811 
242 0 1 |a Rimavská Sobota - development of west part  |y eng 
245 1 0 |a Rimavská Sobota - západný rozvoj mesta 
260 |c 2017  |a Bratislava 
650 4 |a malé mesto  |2 slo 
650 4 |a pešia dostupnosť  |2 slo 
650 4 |a systém zelene  |2 slo 
650 4 |a accesibility  |2 eng 
650 4 |a system of pedestrian lines  |2 eng 
650 4 |a small city scale  |2 eng 
700 1 |a Sopirová, Alžbeta  |u 056160  |k Z1  |4 ths  |U FAD Fakulta architektúry  |T FA Ústav urbanizmu a územného plánovania  |X 4201  |U A6160  |Y 397  |7 A000004201 
856 4 |u http://is.stuba.sk/zp/portal_zp.pl?podrobnosti=117811  |u https://opac.crzp.sk/?fn=detailBiblioForm&sid=E7FF18FD4FFD5019D8FEE93CC38C